000 00448nam a2200181Ia 4500
001 2386
005 20260306144803.0
008 260306t2011||||xx |||||||||||||| ||spa||
041 _aESP
082 _a616.89
_bC33
100 _aCastro Correa, Alberto de
_eAUT
245 0 _aPsicología clínica. Fundamentos existenciales
260 _c2011
300 _a228 páginas :
_c24 cm.
650 _aGEN
654 _aCPS
942 _cLIB
_dJUS
_fJUS
_2ddc
_n
999 _c2386
_d2386